XI Roku 2017 Polskich Piłkarzy (wg Tygodnika "Piłka Nożna") - Statystyki

Ogólne statystyki
  • Ten quiz został rozwiązany 100 razy
  • Średni wynik to 10 z 11
Statystyki odpowiedzi
Pozycja Klub Zawodnik % Poprawnych
ŚO Monaco Kamil Glik
99%
PO Dortmund Łukasz Piszczek
99%
BR Roma/Juventus Wojciech Szczęsny
99%
N Bayern Robert Lewandowski
97%
ŚP Napoli Piotr Zieliński
96%
ŚO Legia Michał Pazdan
94%
PS Wolfsburg Jakub Błaszczykowski
92%
LS Rennes/Hull Kamil Grosicki
92%
LO Lyon/Lokomotiw Maciej Rybus
92%
ŚP Sampdoria Karol Linetty
82%
ŚPD Jagiellonia/Łudogorec Jacek Góralski
54%
Nie znaleziono quizów pasujących do podanych kryteriów
Rozkład punktacji
Procent ludzi z każdym wynikiem
Percentyl według liczby udzielonych odpowiedzi
Twoja historia wyników
Nie rozwiązałeś tego quizu